|
|
|
|
| LEADER |
01068nam a2200205 a 4500 |
| 008 |
091121r19961994ii a b 001 0 eng d |
| 020 |
|
|
|a 8120409221
|
| 082 |
0 |
0 |
|a 330/.01/5195
|2 21
|
| 100 |
1 |
|
|a Madnani, G.M.K.
|
| 245 |
1 |
0 |
|a Introduction to econometrics :
|b principles and applications /
|c G.M.K. Madnani.
|
| 250 |
|
|
|a 6th ed.
|
| 260 |
|
|
|a New Delhi :
|b Oxford & IBH publishing,
|c c1994.[reprinted 1996]
|
| 300 |
|
|
|a xiii, 553 p. :
|b ill. ;
|c 22 cm.
|
| 504 |
|
|
|a Includes bibliographical references and index.
|
| 541 |
1 |
|
|e 00008155
|
| 650 |
|
0 |
|a Econometrics.
|
| 852 |
4 |
|
|a Ayesha Abed Library
|j General Shelf.
|
| 999 |
|
|
|c 5680
|d 5680
|
| 952 |
|
|
|0 0
|1 0
|2 ddc
|4 0
|6 330_015195000000000_MAD_1996
|7 0
|9 5605
|a BRACUL
|b BRACUL
|c GEN
|d 2009-11-21
|g 0.00
|l 1
|m 19
|o 330.015195 MAD
|p 3010008155
|r 2026-01-17
|s 2025-08-17
|t 1
|w 2009-11-21
|y BK
|x No price found in the accession register.
|
| 952 |
|
|
|0 0
|1 0
|2 ddc
|4 0
|6 330_015195000000000_MAD_1996
|7 0
|9 5623
|a BRACUL
|b BRACUL
|c GEN
|d 2009-11-21
|g 0.00
|l 2
|m 5
|o 330.015195 MAD
|p 3010008154
|r 2025-06-18
|s 2025-06-18
|t 2
|w 2009-11-21
|y BK
|x No price found in the accession register.
|